000 00534nam a2200169 i 4500
001 88470
003 ES-MaACL
005 20230906175851.0
007 t|
008 050104s1956 sp ||||1| spa d
100 1 _aLandolfi, Tommaso.
_969961
245 1 3 _aLa piedra lunar
_b: escenas de la vida provinciana /
_cTommaso Landolfi ; versión española de Fernando Acevedo.
260 _aBarcelona :
_bSeix Barral,
_c1956.
300 _a136 p. ;
_c18 cm.
700 1 _aAcevedo, Fernando.
_918233
852 _aES-MaACL
_jC-11103
_bR.39260
999 _c88470
_d88470